1159 1920 1315 1140 1160 1428 1777 1938 1516 1312 1258 1896 1301 1744 1459 1723 1783 1983 1248 1360 1202 1824 1360 1303 1746 1329 1352 1283 1252 1234 1882 1330 1599 1763 1435 1255 1912 1617 1841 1147 1537 1591 1702 1541 1900 1665 1732 1446 1308 1177 1331 1381 1512 1515 1918 1940 1140 1342 1404 1796 1658 1085 1456 1719 1741 1507 1328 1315 1886 1192 1493 1257 1662 1474 1482 1370 1731 1528 1988 1951 1143 1800 1346 1311 1946 1033 1636 1070 1890 1365 1814 1511 1190 1732 1287 1906 1140 1902 1821 BCNSPRNW ULIB Ver.6.0+V

เปลี่ยนเป็นภาษาไทย

Change to English
 แสดงรายละเอียดบรรณานุกรม
  กลับหน้าหลัก

Brief Record : Get Marc (ISO 2709) : E-mail record : QR code < ปิดหน้าต่าง
LEADER : 00000nam 2200000uu 4500
001    13399112252
003     ULIB
008    110802s2554||||th 000 0 tha d
020    9786160603718
090    นว.^bอ525ม 2554
100 0  อัญชรีย์
245 00 มนตราวิวาห์หวาน/^cอัญชรีย์
250    พิมพ์ครั้งที่ 2
260    กรุงเทพฯ:^bแจ่มใส, 2554
300    381 หน้า
945    ^p239^l0^i18470
995    เกษร
999    ^aใช้งานได้ทุกระบบ
รายการนี้ยังไม่มีแท็ก
คุณยังไม่ได้ล็อกอิน คุณสามารถมีกิจกรรมร่วมกับเว็บไซต์ได้ แต่ต้องล็อกอินก่อน ::
  ล็อกอิน

รายการสื่อสารสนเทศ

ลำดับที่ ประเภท เลขเรียก/บาร์โค้ด สถานที่ สถานะ
1. วิทยาศาสตร์การแพทย์ และสุขภาพ
วิทยาศาสตร์การแพทย์ และสุขภาพ
นว. อ525ม 2554  
  Barcode: 18470
ห้องสมุดวิทยาเขตสวรรค์ประชารักษ์
►นวนิยาย
บนชั้น
  ขอยืม

รายการใกล้เคียง
    ผู้แต่ง [อัญชรีย์]

BibComment


ยังไม่เคยถูกคอมเมนท์

คอมเมนท์ทรัพยากรรายการนี้
  คอมเมนท์: มนตราวิวาห์หวาน อ..


 Copyright 2026. Bcnsprnw @Library